000 01037nam a2200265Ia 4500
003 OSt
005 20221005112211.0
006 a|||||r|||| 00| 0
007 ta
008 221004b |||||||| |||| 00| 0 pan d
020 _a8176013714
_c120
024 _a117513
037 _b7848/III/A, 21/02/2011, Arsee Publishers
_cTextual
040 _aCRL
_cCRL
_bpan
041 _2pan
_apan
082 _aO153,1N32:g, P0
100 _aਸਿੰਘ, ਅਮਰ, ॥ਾਲਸਾ
_9160371
245 0 _aਬ੍ਰਹਮ ਗਿਆਨੀ
_b ਸੰਤ ਅਤਰ ਸਿੰਘ ਜੀ ਮਹਾਰਾਜ ਮਸਤੂਆਣਾ
260 _aਅੰਮ੍ਰਿਤਸਰ
_bਭਾਚਤਰ ਸਿੰਘ ਜੀਵਨ ਸਿੰਘ ਭਾਰਤ
_c2000
300 _a218ਪੰ
_ccm.
650 _a ਪੰਜਾਬੀ ਕਾਵਿ
650 _aਪੰਜਾਬੀ ਸਾਹਿਤ
942 _hO153,1N32:g, P0
_cTEXL
_2cc
999 _c1024166
_d1024166